Normal view
MARC view
- Engineering electronics
Entry Topical Term
001 - CONTROL NUMBER
- control field: 113774
003 - CONTROL NUMBER IDENTIFIER
- control field: NUST
005 - DATE AND TIME OF LATEST TRANSACTION
- control field: 20230721094801.0
008 - FIXED-LENGTH DATA ELEMENTS
- fixed length control field: 230721|| aca||aabn | a|a d
040 ## - CATALOGING SOURCE
- Original cataloging agency: NUST
- Transcribing agency: NUST
150 ## - HEADING--TOPICAL TERM
- Topical term or geographic name entry element: Engineering electronics
670 ## - SOURCE DATA FOUND
- Source citation: Work cat.: (NUST)181357: Happell, George E. 113772, Engineering Electronics / , 1953
